Cartas muertas / (Record no. 177650)

MARC details
000 -LEADER
campo de control de longitud fija 00734nam a22002175i 4500
001 - NÚMERO DE CONTROL
campo de control 177650
003 - IDENTIFICADOR DE NÚMERO DE CONTROL
campo de control ES-MaACL
005 - FECHA Y HORA DE LA ÚLTIMA TRANSACCIÓN
campo de control 20230906220359.0
008 - DATOS DE LONGITUD FIJA--INFORMACIÓN GENERAL
campo de control de longitud fija 110411s2005 sp |||| | spa d
020 ## - NÚMERO INTERNACIONAL ESTÁNDAR DEL LIBRO
Número Internacional Estándar del Libro 84-95011-91-3
080 ## - NÚMERO DE LA CLASIFICACIÓN DECIMAL UNIVERSAL
Número de la Clasificación Decimal Universal 821.134.2-31"19"
100 1# - ENTRADA PRINCIPAL--NOMBRE DE PERSONA
Nombre de persona Romero Sánchez-Cutillas, Luis del.
9 (RLIN) 146084
245 10 - MENCIÓN DEL TÍTULO
Título Cartas muertas /
Mención de responsabilidad, etc. Luis del Romero Sánchez-Cutillas.
260 ## - PUBLICACIÓN, DISTRIBUCIÓN, ETC.
Lugar de publicación, distribución, etc. Alcalá de Henares :
Nombre del editor, distribuidor, etc. Fundación Colegio del Rey,
Fecha de publicación, distribución, etc. imp. 2005.
300 ## - DESCRIPCIÓN FÍSICA
Extensión 175 p. ;
Dimensiones 21 cm.
490 1# - MENCIÓN DE SERIE
Mención de serie Alcalá-Narrativa ;
Designación de volumen o secuencia 27
500 ## - NOTA GENERAL
Nota general Cartas muertas obtuvo el premio de narrativa "Ciudad de Alcalá de Henares" 2004.
830 0# - PUNTO DE ACCESO ADICIONAL DE SERIE-TÍTULO UNIFORME
Título uniforme Alcalá-Narrativa ;
Designación de volumen o secuencia 27
9 (RLIN) 190393
852 ## - LOCALIZACIÓN
Ubicación ES-MaACL
Número de control de estantería E-14851
Holdings
Estatus retirado Estado de pérdida Estado de daño No para préstamo Biblioteca de origen Biblioteca actual Ubicación en estantería Fecha de adquisición Fuente de adquisición Total de préstamos Signatura topográfica completa Código de barras Visto por última vez Precio de reemplazo Tipo de ítem Koha
        Biblioteca del Ateneo de Madrid Biblioteca del Ateneo de Madrid Depósito 2 11/04/2011     E-14851 1186600 23/02/2023 23/02/2023 Libro impreso